000 00652cam a2200229 i 4500
001 107573
005 20230410121045.0
008 120827b2011 bl 000 0 por
020 _a9788572837408
050 1 4 _aJL 2429
_bB333c 2011
100 1 _aBatista, Antenor.
245 1 0 _aCorrupςao :
_bo quinto poder : repensando a etica /
_cAntenor, Batista
250 _a12a ed. revista e ampliada.
260 _aBauru, SP :
_bEDIPRO,
_c2011.
300 _a304 p. ;
_c23 cm.
504 _aInclui bibliografia
650 0 _aPolitical corruption.
650 4 _aCorrupción política
_zBrasil.
650 4 _a20150300
942 _2lcc
_cbk
946 _aSH
999 _c57084
_d57084